000 01319cam a2200337 a 4500
001 728111
003 OSt
005 20150408114151.0
008 980910s1999 njua b 001 0 eng
010 _a 98044388
020 _a0134569555 (pbk.)
035 _a(DLC) 98044388
040 _aDLC
_cDLC
_dDLC
050 0 0 _aQA76.73.B3
_bD46 1999
082 0 0 _a005.268
_221
_bDHV
100 1 _aDeitel, Harvey M.,
_d1945-
245 1 0 _aVisual Basic 6 how to program /
_cH.M. Deitel, P.J. Deitel, T.R. Nieto.
246 3 _aVisual Basic six how to program
260 _aUpper Saddle River, N.J. :
_bPrentice Hall,
_cc1999.
300 _ali, 1015 p. :
_bill. ;
_c24 cm. +
_e1 computer laser optical disc (4 3/4 in.)
500 _a"Visual Studio series"--Cover.
504 _aIncludes bibliographical references (p. [967]-970) and index.
538 _aSystem requirements for accompanying computer disc: Pentium 90 or higher ; Windows 95/98/NT.
630 0 0 _aVisual Basic.
650 0 _aBASIC (Computer program language)
_94046
700 1 _aDeitel, Paul J.
700 1 _aNieto, T. R.
_q(Tem R.)
_95371
906 _a7
_bvip
_corignew
_d1
_eocip
_f19
_gy-gencatlg
942 _2ddc
_cDVD
999 _c32045
_d266545